Majority Muslim Countries - Statistics

General Stats
  • This quiz has been taken 30 times
  • The average score is 46 of 49
Answer Stats
Country % Correct
Afghanistan
100%
Albania
100%
Iran
100%
Iraq
100%
Jordan
100%
Kuwait
100%
Mauritania
100%
Oman
100%
Saudi Arabia
100%
Sudan
100%
Syria
100%
Turkey
100%
Uzbekistan
100%
Yemen
100%
Algeria
96%
Azerbaijan
96%
Egypt
96%
Kyrgyzstan
96%
Lebanon
96%
Morocco
96%
Qatar
96%
Tunisia
96%
Turkmenistan
96%
United Arab Emirates
96%
Chad
92%
Indonesia
92%
Libya
92%
Malaysia
92%
Niger
92%
Pakistan
92%
Somalia
92%
Tajikistan
92%
Bahrain
88%
Bangladesh
88%
Bosnia and Herzegovina
88%
Comoros
88%
Djibouti
88%
Kazakhstan
88%
Maldives
88%
Nigeria
88%
Senegal
88%
Brunei
85%
Guinea
85%
Guinea-Bissau
85%
Kosovo
85%
Burkina Faso
81%
Gambia
81%
Mali
81%
Sierra Leone
81%
No matching quizzes found
Score Distribution
Percent of People with Each Score
Percentile by Number Answered
Your Score History
You have not taken this quiz